000 00358nam a2200109Ia 4500
008 230320s9999||||xx |||||||||||||| ||spa||
082 _a370.19/M48
100 _aMeyer, John
245 0 _aLa Educación En La Sociedad Mundial : Teoría Institucional Y Agenda De Investigación De Los Sistemas Educativos Contemporáneos
260 _bOctaedro
942 _80
_cLIB
999 _c48468
_d48468